000
00269nam a2200097Ia 4500
001
647125
005
20250826153656.0
008
250824s9999 xx 000 0 und d
245
0
_a
LEVENT İZ PEŞİNDE 30 BÜYÜKİŞLER USTASI
_c
MUSTAFA ORAKÇI
260
_b
TİMAŞ ÇOCUK
999
_c
647125
_d
647125